| 000 | 00753nam a22002177a 4500 | ||
|---|---|---|---|
| 005 | 20170124105916.0 | ||
| 010 | _aB-219832 | ||
| 020 |
_c870.00 _a9798177080864 |
||
| 035 | _aB-219832 | ||
| 037 | _bCen Lib/Ret | ||
| 040 |
_aDPL _bEN |
||
| 082 |
_a338.15 _bRUR |
||
| 245 |
_aRural transformation in India : _cedited by A Vinayak Reddy [and] G.Bhaskar _bthe impact of globalisatiaon / |
||
| 260 |
_aNew Delhi _bNew Century Publication _c2005 |
||
| 270 |
_a4800/24-Bharat Ram Road, Ansari Road Darya Ganj _bNew Delhi _e110002 |
||
| 300 |
_axvi, 397p. _c22cm (Hb) |
||
| 650 |
_aGlobalisation-rural developpment _92520 |
||
| 650 |
_aCrop science-technologies _92521 |
||
| 700 |
_aBhaskar, G. _9105297 |
||
| 942 |
_2ddc _cEN _h338.15 _mRUR |
||
| 999 |
_c122825 _d122825 |
||